Le vandalisme révolutionnaire (Registro nro. 48600)

Detalles MARC
000 -LEADER
campo de control de longitud fija 00699nam a22001935i 4500
001 - NÚMERO DE CONTROL
campo de control 48600
003 - IDENTIFICADOR DE NÚMERO DE CONTROL
campo de control ES-MaACL
005 - FECHA Y HORA DE LA ÚLTIMA TRANSACCIÓN
campo de control 20230906161759.0
007 - CAMPO FIJO DE DESCRIPCIÓN FÍSICA--INFORMACIÓN GENERAL
campo de control de longitud fija t|
008 - DATOS DE LONGITUD FIJA--INFORMACIÓN GENERAL
campo de control de longitud fija 950726s1885 fr ||||1| fre d
040 ## - FUENTE DE CATALOGACIÓN
Centro catalogador/agencia de origen CAM
Lengua de catalogación spa
Centro/agencia transcriptor CAM
100 1# - ENTRADA PRINCIPAL--NOMBRE DE PERSONA
Nombre de persona Despois, Eugène.
9 (RLIN) 43920
245 13 - MENCIÓN DEL TÍTULO
Título Le vandalisme révolutionnaire
Resto del título : fondations littéraires, scientifiques & artistiques de la Convention /
Mención de responsabilidad, etc. par Eugène Despois.
250 ## - MENCION DE EDICION
Mención de edición 2e éd.
Resto de la mención de edición précédé d'une lettre de l'auteur a Etienne Arago et d'une notice biographique... par Charles Bigot.
260 ## - PUBLICACIÓN, DISTRIBUCIÓN, ETC.
Lugar de publicación, distribución, etc. Paris :
Nombre del editor, distribuidor, etc. Félix Alcan,
Fecha de publicación, distribución, etc. 1885.
300 ## - DESCRIPCIÓN FÍSICA
Extensión XXIV, 324 p. ;
Dimensiones 19 cm.
700 1# - ENTRADA AGREGADA--NOMBRE PERSONAL
Nombre de persona Bigot, Charles.
9 (RLIN) 28851
852 ## - LOCALIZACIÓN
Ubicación ES-MaACL
Número de control de estantería D-1481
Existencias
Estatus retirado Estado de pérdida Estado de daño No para préstamo Colección Biblioteca de origen Biblioteca actual Ubicación en estantería Fecha de adquisición Fuente de adquisición Total de préstamos Signatura topográfica completa Código de barras Visto por última vez Precio de reemplazo Tipo de ítem Koha
        Libros del s. XIX Biblioteca del Ateneo de Madrid Biblioteca del Ateneo de Madrid Sala Valle Inclán 17/01/2008     D-1481 901051144 23/02/2023 23/02/2023 Libro impreso antiguo